00913nam a22002057a 450000500170000000800430001702000060006005000200006610000650008624500710015125000110022226000430023330000190027644000060029549000320030150503180033365000160065165000240066770000160069120221027131553.0221013b fr ||||| |||| 00| 0 fra d c 04aB2949bH44 19441 aHegel, G. W. F.e1770-1831qHegel, Georg Wilhelm Friedrich, 10aEsthétique / cG. W. F. Hegel ; traduction originale par J. G.  a1a ed. aParis ; bÉditions Montaigne, c1944 av. ; c22 cm a  0aPhilosophie de L'Esprit  tV.1 L´Idée et L´IdéaltV.2 Développement de L´Idéal et sa Différenciation en Formes D´Art ParticuliérestV.3 (1re Partie) A. Les Arts Plastiques : Architecture. Sculpture. B. Les Arts Romantiques: Peinture. Musioue.tV.3 (2e Partie) Les Arts Romantiques(suite) La Poésie gtr. S.Jankélévitch 4aEstética  4aArte xFilosofía 1 aJ. G.,etr.